[Event "5th Nebesna Sotnya Rapid 2018"]
[Site "Lutsk"]
[Date "2018.02.18"]
[Round "11"]
[White "Razin, Vadim"]
[Black "Maciaga, Marcin"]
[Result "1-0"]
[WhiteElo "2377"]
[BlackElo "2185"]
[Annotator "TA"]
[PlyCount "71"]
[EventDate "2018.??.??"]
[EventType "swiss"]
[EventCountry "UKR"]
[SourceTitle "playchess.com"]
[Source "ChessBase"]
[SourceQuality "1"]

{[%evp 12,71,3,3,47,16,18,8,24,16,20,15,91,93,77,93,106,110,149,121,150,120,141,145,147,48,39,0,104,87,98,40,71,22,35,33,25,22,30,29,32,0,0,0,72,60,99,87,123,85,125,137,320,231,241,159,455,447,29992,29993,29993,29994]} 1. d4 Nf6 2. Nf3 g6 3. Bg5 Bg7 4. Nbd2 d5 5. e3 O-O 6. Bd3 b6 7. O-O {LiveBook: 15 Partien. D03: Damenbauernspiele} Ba6 8. Bxa6 (8. Qe2 Bxd3 9. cxd3 c5 10. Rfc1 Nbd7 11. Rc2 Qb8 12. Rac1 Qb7 13. Bxf6 Bxf6 14. b4 cxb4 {1-0 (35) Raznikov,D (2508)-Sivuk,V (2520) Porto Mannu 2016}) 8... Nxa6 9. c4 {Die Stellung ist ausgeglichen.} Ne4 $146 ({Vorgänger:} 9... c5 10. Qa4 Nc7 11. Rfd1 Ne6 12. Bxf6 Bxf6 13. cxd5 Qxd5 14. e4 Qb7 {0-1 (41) Poropat,M (2092)-Ivacic,V (2257) Bled 2000}) 10. Qa4 Nxg5 11. Nxg5 e6 (11... Nb8 $1 $11) 12. Nxf7 ({Ein No Go ist} 12. Qxa6 Qxg5 13. Nf3 Qf5 $14) 12... Rxf7 13. Qxa6 c5 {[#]} 14. dxc5 $1 Bxb2 15. Rad1 Be5 16. f4 Bc7 17. Nf3 Qe7 18. Qa3 ({Besser ist} 18. Ng5 $16 Rf5 19. Kh1) 18... dxc4 $14 19. Qb4 Rf5 (19... Qxc5 $11 20. Qxc5 bxc5) 20. Qxc4 $16 Rxc5 21. Qe4 (21. Qb3 $16) 21... Rf8 22. Rf2 {und nun wäre Tfd2 stark für Weiss.} b5 23. Rfd2 Rc4 24. Rd4 $36 {[%mdl 2048] Weiss drückt.} Bb6 25. Rxc4 bxc4 26. h4 c3 27. Rc1 Qc5 (27... Qd6 $11 {hält das Gleichgewicht.}) 28. Qxe6+ Kg7 29. Nd4 Rf6 {[#] Und weiter mit ...Da3 wäre nett.} 30. Qe4 Qa3 31. Rc2 {Schwarz muss nun Se6+ beachten.} h5 $2 (31... Qd6 $16 {ist eine bessere Verteidigung.}) 32. Qe5 Kf7 33. Qd5+ Kg7 $2 (33... Kf8 $16 34. Qe5 Qe7 35. Rxc3 Rd6) 34. Ne6+ $18 Kh6 (34... Rxe6 $18 35. Qxe6 Qc5) 35. Qg5+ Kh7 36. Qxf6 {Precision: Weiß = 44%, Schwarz = 18%.} 1-0

[Event "5th Nebesna Sotnya Rapid 2018"]
[Site "Lutsk"]
[Date "2018.02.18"]
[Round "11"]
[White "Basko, Bogdan"]
[Black "Vetoshko, Volodymyr"]
[Result "*"]
[WhiteElo "2190"]
[BlackElo "2520"]
[Annotator "TA"]
[PlyCount "29"]
[EventDate "2018.??.??"]
[EventType "swiss"]
[EventCountry "UKR"]
[SourceTitle "playchess.com"]
[Source "ChessBase"]
[SourceQuality "1"]

{[%evp 17,29,52,83,0,24,16,43,40,78,31,60,66,71,60]} 1. d4 Nf6 2. c4 e6 3. Nc3 Bb4 4. e3 O-O 5. Bd3 c5 6. Nf3 cxd4 7. exd4 d5 8. O-O b6 9. Bg5 Bb7 10. Qe2 {E43: Nimzo-Indian: Rubinstein: 4...b6} ({White should try} 10. cxd5 $16 Bxc3 11. bxc3) (10. Rc1 Be7 11. Re1 Nc6 12. a3 Rc8 13. Ne4 g6 14. h4 {½-½ (14) Thorhallsson,T (2455)-Erenburg,S (2573) Reykjavik 2006}) 10... Be7 11. Rad1 Nbd7 12. Rfe1 h6 $146 ({Predecessor:} 12... Rc8 13. cxd5 Nxd5 14. Qe4 f5 15. Qxe6+ Rf7 16. Bxe7 Qxe7 17. Qxd5 Bxd5 18. Rxe7 Rxe7 19. Nxd5 {1-0 (29) Morchiashvili,B (2342)-Fendereski,N (2255) Rasht 2016}) 13. Bh4 Re8 14. Ne5 {[#] Black must now prevent Nxf7!} Nxe5 15. dxe5 *

[Event "5th Nebesna Sotnya Rapid 2018"]
[Site "Lutsk"]
[Date "2018.02.18"]
[Round "11"]
[White "Snigurov, Maxim"]
[Black "Bogdanovich, Stanislav"]
[Result "0-1"]
[WhiteElo "2150"]
[BlackElo "2560"]
[Annotator "TA"]
[PlyCount "98"]
[EventDate "2018.??.??"]
[EventType "swiss"]
[EventCountry "UKR"]
[SourceTitle "playchess.com"]
[Source "ChessBase"]
[SourceQuality "1"]

{[%evp 12,98,31,-1,0,0,50,39,60,15,41,28,114,106,102,108,123,120,96,92,79,63,58,55,54,64,58,76,70,60,69,60,77,101,131,102,81,77,114,116,146,66,68,101,93,24,23,-10,-27,-126,-133,-87,-13,-12,0,-30,-31,-22,-22,-51,-38,-198,-214,-562,-550,-564,-557,-643,-635,-741,-741,-702,-727,-1037,-1007,-1051,-1070,-1070,-1070,-1045,-1042,-1024,-964,-930,-920,-864,-835,-689,-683]} 1. e4 c5 2. Nf3 d6 3. d4 Nf6 4. Nc3 cxd4 5. Nxd4 a6 6. Bg5 Nbd7 7. Qd2 h6 {B94: Sicilian Najdorf: 6 Bg5 Nbd7} (7... e6 8. Bc4 Nc5 9. Bxf6 Qxf6 10. a3 b5 11. Ba2 Bb7 12. O-O-O Be7 13. Rhe1 g5 14. Kb1 O-O-O 15. f3 h5 {½-½ (40) Felgaer,R (2549)-Mareco,S (2592) Saenz Pena 2014}) 8. Bh4 g6 9. O-O-O Bg7 {White is slightly better.} 10. f3 O-O 11. g4 b5 (11... e5 $11 12. Nb3 Nxe4 13. Bxd8 Nxd2) 12. Nc6 $16 Qe8 13. Nd5 $1 {[%cal Rd5c7]} Nxd5 14. exd5 $146 (14. Qxd5 g5 $17) ({Predecessor:} 14. Qxd5 Nf6 15. Bxf6 Bxf6 16. Nxe7+ Qxe7 17. Qxa8 Bxg4 18. Qxa6 Bxf3 {0-1 (42) Cordovil,J-Petersen,S Barcelona 1965}) 14... Nf6 15. Bxf6 Bxf6 16. Qxh6 Bd7 $1 17. Nd4 Qc8 18. h4 {[%cal Bh2h4,Bh4h5][%mdl 32] h5 is the strong threat.} Qc5 $1 19. Nb3 Qf2 20. h5 Bg7 21. Qf4 Be5 22. Qe4 g5 23. Kb1 ({Resist} 23. Bd3 $6 f5 $14) 23... f5 {[#]} 24. Qd3 $1 Rf6 25. Bh3 {[%cal Rg4f5]} Raf8 26. gxf5 (26. Rdf1 $16 Qb6 27. gxf5) 26... Bxf5 $14 27. Bxf5 Rxf5 28. Nd2 ({White should try} 28. Rdf1 $16 Qg2 29. Qd1) 28... Qd4 $11 29. Qxd4 (29. Qa3 {is interesting.} Qa4 30. Qxa4 bxa4 31. Rh3 Kh7 32. Ne4) 29... Bxd4 30. Ne4 (30. c3 $11 Bf6 31. Kc2) 30... Be3 $17 31. a4 bxa4 (31... Rxf3 $17 32. axb5 axb5) 32. Rd3 $11 Bb6 33. Re1 Re5 {White must now prevent ...g4!} 34. Re2 $1 Kh7 35. c4 Rf4 {Hoping for ...g4.} 36. Rh2 $2 (36. Rg2 $1 $15) 36... g4 $19 {[%cal Bg5g4,Bg4g3,Bg3g2][%mdl 32]} 37. Nd2 $2 (37. c5 dxc5 38. Rh4 Rxf3 39. Rxf3 gxf3 40. d6) 37... g3 {Black is clearly winning.} 38. Rg2 Re1+ 39. Ka2 {[#]} Rg1 $1 {[%cal Rg1g2]} 40. Rxg1 Bxg1 {[%mdl 4096] Endgame KRB-KRN} 41. Ne4 g2 42. Rd2 {[#]} Bf2 $1 {[%mdl 512]} 43. Ng5+ (43. Rxf2 g1=Q) 43... Kh6 44. Nh3 Rxf3 45. Ng1 Bxg1 46. Rxg2 Bc5 47. Rg8 a3 48. bxa3 Rxa3+ 49. Kb2 Kxh5 {Precision: White = 46%, Black = 70%.} 0-1